000 01006cam a2200241 4500
001 ABS66123
008 021113n2002 000 0 eng u
035 _a(Sirsi) u120443
100 _aSilman, G.
245 _aRing the changes to the charges
260 _c2002
490 _aEstates Gazette
_v(0244) 2 November 2002, 164-166(2)
520 _aExamines the new Guide to Good Practice for Service Charges first published in 1994 which has been replaced by a second edition issued in August 2000. Explains the significance of the guide as an important and balanced document that provides essential reading for anyone involved in this arena. Also mentions the impact the Disability Discrimination Act 1995 may have on service charges.
590 _aABS
650 _aSERVICE CHARGES
650 _aGOOD PRACTICE
650 _aLEASES
650 _aDISABILITY DISCRIMINATION ACT 1995
650 _aINSURANCE COVER
650 _aTERRORISM
690 _aPROPERTY-COMMERCIAL PROPERTY
942 _n0
999 _c71559
_d71559